| 000 | 00000nas 2200000za 4500 |
| 001 | 9.500674 |
| 003 | CaOODSP |
| 005 | 20221107132910 |
| 007 | cr ||||||||||| |
| 008 | 150406c20129999onc x m o||||f| |0iku|d |
| 040 | |aCaOODSP|bfre |
| 043 | |an-cn--- |
| 086 | 1 |aFs70-6S-PDF |
| 245 | 00|a[Secrétariat canadien de consultation scientifique, avis scientifique] |h[ressource électronique]. |
| 260 | |a[Ottawa] : |bDepartment of Fisheries and Oceans = Ministère des pêches et des océans |
| 310 | |aIrrégulier |
| 362 | 1 |aParaît depuis 2012/021. |
| 500 | |aTitre français fourni par l'éditeur. |
| 546 | |aTexte en inuktitut. |
| 710 | 1 |aCanada. |bMinistère des pêches et des océans. |
| 775 | 08|tSecrétariat canadien de consultation scientifique, avis scientifique |w(CaOODSP)9.502624 |
| 791 | |t[Canadian Science Advisory Secretariat science advisory report] |eeng|w(CaOODSP)9.500673 |